AniSearch‘s am besten bewertete Anime (06.24) - Statistiken

Allgemein
  • Dieses Quiz wurde 135 mal gespielt
  • Das Durchschnittsergebnis liegt bei 7 aus 20
Antwortstatistiken
Plazierung Anime % Korrekt
16 Attack on Titan: Final Season - The Final Chapters
70%
7 Attack on Titan: Staffel 3 (Teil 2)
70%
9 Demon Slayer: Kimetsu no Yaiba - Entertainment District Arc
61%
18 Demon Slayer: Kimetsu no Yaiba - The Movie: Mugen Train
61%
20 Bleach: Thousand-Year Blood War
57%
5 Death Note
55%
2 Fullmetal Alchemist: Brotherhood
47%
1 Frieren
41%
10 Code Geass: Lelouch of the Rebellion
29%
4 Code Geass: Lelouch of the Rebellion R2
29%
11 Steins;Gate
28%
3 Your Name. Gestern, heute und für immer
19%
8 Violet Evergarden: Der Film
18%
19 Gintama (Episoden 266-316)
17%
17 Oshi no Ko: Mein Star
12%
13 Clannad: After Story
11%
12 A Silent Voice
10%
14 Fruits Basket Staffel 3
9%
6 Die Tagebücher der Apothekerin
5%
15 Great Teacher Onizuka
3%
Keine übereinstimmenden Quizze gefunden
Verteilung der Resultate
Anzahl Personen mit jedem Resultat
Perzentil nach korrekt beantworteten Fragen
Ihre Resultats-Entwicklung
Sie haben dieses Quiz noch nicht gespielt